000 00326nam a2200145Ia 4500
100 _aFrain/Ben
650 _awebdesign
942 _cBK
366 _f20
654 _aweb design
245 _aResponsive Web Design with HTML 5 and CSS 3
260 _bPackt pub
_c2012
082 _a4.65
_bFRA
546 _aENGLISH
_cComputers
999 _c20892
_d20892